000 00424nam a22001697a 4500
005 20251113114853.0
008 160521b xxu||||| |||| 00| 0 eng d
020 _a0-07-463498-4
041 _aeng
082 _a624.171
100 _aS.P. Gupta, G.S. Pandit R. Gupta
_9936
245 _aTHEORY OF STRUCTURES [VOL-IV]
260 _aNew Delhi
_bTMH,
300 _a572;P
650 _aDIPLOMA ENGINEERING
_9817
942 _cBK
999 _c1277
_d1277